00680nam a22002057a 4500999001900000005001700019010001500036020001100051035001400062037001300076082001100089100001900100245008300119260004800202270003800250300002000288700001400308942002800322952012400350 c174468d17446820200617162401.0 aENG-128206 c150.00 aEN-111738 bDBAD/PUB a150.00 aPatel,Mohanlal aChhaganbha/ba pole star of wisdom:cby Mohanlal Patel;transleted by Nila Shah akadibSarva vidyalaya kelavani Mandalc2015 aVallabhbhai M.PatelbKadie382715 a151p.c23cm(hb) aShah,Nila 2ddccENh361.24092mPAT 001040708NFICaAVbAVd2020-06-17eDBAD/PUBg150.00l0o361.24092 PATpEN-111738r2020-06-17 00:00:00t1v150.00yEN